000
00261nam a2200109Ia 4500
100
_a
Lockwood/F.B
942
_c
BK
654
_a
Numerical Control
245
_a
Fundamentals of Numerical Control
260
_b
Machinery Publication & co
_c
2001
546
_a
ENGLISH
999
_c
30100
_d
30100